日本の歴代最低気温ランキング - Statistics

General Stats
  • This quiz has been taken 120 times
  • The average score is 8 of 20
Answer Stats
都道府県 地点 気温(℃) % Correct
北海道 上川地方 旭川 -41.0
87%
静岡県 富士山 -38.0
75%
北海道 十勝地方 帯広 -38.2
66%
北海道 上川地方 名寄 -35.7
66%
北海道 上川地方 音威子府 -34.9
60%
北海道 上川地方 士別 -35.1
56%
北海道 上川地方 幌加内 -37.6
53%
北海道 上川地方 中川 -35.6
48%
北海道 上川地方 下川 -36.1
45%
北海道 宗谷地方 中頓別 -35.9
38%
北海道 上川地方 美深 -37.0
37%
北海道 上川地方 和寒 -36.8
35%
北海道 上川地方 朱鞠内 -35.8
27%
北海道 網走・北見・紋別地方 滝上 -35.2
25%
北海道 上川地方 占冠 -35.8
24%
北海道 網走・北見・紋別地方 佐呂間 -35.4
22%
北海道 宗谷地方 歌登 -37.9
19%
北海道 後志地方 倶知安 -35.7
17%
北海道 上川地方 江丹別 -38.1
12%
北海道 留萌地方 幌糠 -35.4
8%
No matching quizzes found
Score Distribution
Percent of People with Each Score
Percentile by Number Answered
Your Score History
You have not taken this quiz